00915nab a22002417a 4500003000400000005001700004008004100021040000700062100002600069245010500095260004200200300001100242500003600253505008900289650002000378650002400398650002500422650003900447650002400486650002600510650002400536773011300560OSt20260223123557.0190506c xxu||||| |||| 00| 0 spa d cPJ aDíaz, Viviana Laura10aCerebro. Riesgos laborales. Ambiente : buna triada en continua evolución /cViviana Laura Díaz. aBuenos Aires :bAbeledoPerrot,c2024. ap. 3-6 aCita: TR LALEY AR/DOC/762/2024. t¿Te interesa el texto completo? Comunicate al correo: koha@justierradelfuego.gov.ar 0aDERECHO LABORAL 0aRIESGOS DEL TRABAJO 0aCOMISIONES MÉDICAS 0aASEGURADOR POR RIESGOS DEL TRABAJO 0aINCAPACIDAD LABORAL 0aACCIDENTES DE TRABAJO 0aINCAPACIDAD LABORAL0 02751dBuenos Aires : AbeledoPerrot, 2013-tRevista de derecho laboral y seguridad social. Nº 9 - Mayo 2024